Odpoveď autora Ing. Alberta Jarasa na kritické poznámky MUDr. E. Čakrtovej a spolupracovníkov k článku "Niektoré problémy morenia obilia"

Bibliographic Details
Main Author: Jaras, A. (Author)
Format: Article
Language:Slovak

MARC

LEADER 00000nab a2200000uu 4500
001 vtls011455164
003 SK-MaSNL
005 20260303113434.0
008 230121|1973 xo |||||||||||||||||slo|
015 |a SNBRB 
035 |a (urnnbn)urn:nbn:sk:snk:ar-008lrs 
035 |a (uuid)4aba000f-7922-438d-b61a-6838e4f11446 
035 |a urn:nbn:sk:snk-abcq9v 
040 |a SNKBUCL  |b slo  |c SNKBUCL  |e AACR2 
041 0 |a slo 
044 |a xo  |c SK 
100 1 |a Jaras, A.  |4 aut  |9 1127113 
245 1 0 |a Odpoveď autora Ing. Alberta Jarasa na kritické poznámky MUDr. E. Čakrtovej a spolupracovníkov k článku "Niektoré problémy morenia obilia"  |c A. Jaras 
773 0 |t Agrochémia : časopis pre chemizáciu poľnohospodárstva  |g Roč. 13, č. 8 (1973), s. 238-239 
958 |a OND 
958 |a EUIPO 
958 |a article16 
999 |c 1892607  |d 1894537